000 00489nam a2200181Ia 4500
008 240925s9999 xx 000 0 und d
020 _a9789382291565
082 _a005.73 DOA
100 _aDoan, Anhai
245 0 _aPrinciples Of Data Integration
250 _aNA
260 _aUnited States:
_bElsevier
_c,2013.
300 _a662p.
_bNA
_fOriginal
500 _aIncludes Index
600 _aComputer Science
650 _aComputer science, information & general works
942 _cBK
999 _c12687
_d12687